La Thaïlande pour les touristes... - Facile - Statistiques

Statistiques générales
  • Ce quiz a été pris 141 fois
    136 depuis la dernière actualisation
  • Le résultat moyen est 10 sur 20
Statistiques - réponses
Question Indice Réponses Indice facile % Correct
Code sur les plaques minéralogiques T
100%
Le suffixe internet est th
98%
Quelle est la langue officielle ? Thaï T
98%
Le principal aéroport est B Bangkok
73%
Achats à faire 4/ Tasses à... Thé HET
73%
Quelle est la monnaie ? Baht B
72%
La religion majoritaire est Bouddhisme B
68%
Quel est le climat local ? T Tropical
66%
Dans la capitale quel est le décalage horaire avec Paris ? (+ ou - et chiffre) ex - 10 ou + 3,5 + 5
65%
Combien d'heures (environ) mettrez-vous pour vous y rendre ? (en chiffres) 15
59%
Quel est le régime du pays ? M C Monarchie constitutionnelle
48%
Achats à faire 1/ Aliments qui se conservent car Séchés HSSECE
35%
Quelles sont les principaux lieux touristiques ? A Citée d'{Ayutthaya} UAAYYTATH
31%
Quelles sont les principaux lieux touristiques ? K Archipel de {Koh Phi Phi} HHHKPOPII
26%
Quelles sont les principaux lieux touristiques ? C R Ville de {Chiang Rai} NCAGHIIRA
20%
Achats à faire 3/ Babiole Breloque OUEBLQRE
17%
Quelles sont les principaux lieux touristiques ? K Ville de {Kanchanaburi} AUCAIBKNRNAH
11%
Quelles sont les principaux lieux touristiques ? L Ruines de {Lopburi} BRIPUOL
6%
Comment se nomme la principale compagnie aérienne locale T A I P C L Thai Airways International Public Company Limited TIIIYPTUELODRNIIBMAANWITCRCHELIANOTS PLMAAANY
3%
Achats à faire 2/ Savon Sculpté PUETSCL
2%
Aucun quiz correspondant
Distribution des résultats
% des personnes avec chaque résultat
Percentile par nombre de réponses
Votre historique - résultats
Vous n’avez pas pris ce quiz depuis la dernière actualisation